000 00402nam a22001577a 4500
020 _a978-81-264-5040-4
082 _a823
_bNAN/C
100 _aNAYAR, NANDINI
245 _aTHE CHICKEN THAT STARTED IT ALL
_bSHORT STORY
246 _aTHE CHICKEN THAT STARTED IT ALL
_bSHORT STORY
260 _aKOTTAYAM
_bDC BOOKS
_c2014
300 _a95
520 _aSHORT STORY
650 _aSHORT STORY
942 _cBK
999 _c2851
_d2851